000
00324 a2200109 4500
001
ART_12706
005
20260410161909.0
008
260409a
245
1
0
_a
Human satisfactions and public policy
100
1
_a
Layard, Richard
773
0
_t
The Economic Journal
_g
- Vol. 90, NÂș 360 (dic. 1980)
_w
REV12512
999
_c
26599
_d
26599